Statistics for Cities who hosted a Formula E race

Click here to take the quiz!

General Stats

  • This quiz has been taken 50 times
    (18 since last reset)
  • The average score is 15 of 24

Answer Stats

City% Correct
Rome
100%
Berlin
93%
London
93%
New York City
86%
Paris
79%
Hong Kong
71%
Mexico City
71%
Monaco
71%
Moscow
71%
Beijing
64%
Bern
64%
Buenos Aires
57%
Marrakech
57%
Valencia
57%
Long Beach
50%
Miami
50%
Puebla
50%
Zurich
50%
Montreal
43%
Punta del Este
43%
Santiago
43%
Sanya
43%
Ad Diriyah
36%
Putrajaya
36%

Score Distribution

Percentile by Number Answered

Percent of People with Each Score

Your Score History

You have not taken this quiz since the last reset